000 00840nam a2200265Ia 4500
003 OSt
005 20220930094531.0
006 a|||||r|||| 00| 0
007 ta
008 220926b |||||||| |||| 00| 0 eng d
024 _a72135
037 _cTheses
040 _aCRL
_cCRL
_beng
041 _2eng
_aeng
100 _aMittal Palak Au.
_9555796
110 _aUniversity of Delhi. Faculty of Arts. Department of Philosophy
_978394
245 0 _aConcept of sexuality
_b feminist theory and alternative perspectives
260 _c2020
300 _a137p.
_ap.
_ccm.
650 _aPhilosophy
700 _a Devarakonda Balaganpathi Gu.
_9555797
700 _aUniversity of Delhi. Faculty of Arts. Department of Philosophy
_978395
942 _cDIS
_2CC
999 _c887269
_d887269